00305nam a2200121Ia 4500008004100000041000800041082001400049100001300063245004500076260004400121300001300165365000500178240624s9999 xx 000 0 und d aeng a658.4 LAT aLATOUR B aLABORATORY LIFE THE CONSTRUCTION OF SCIE c1986afactsbPrinceton University Press a296 : p. c